| 000 | | | 04243nac2a22003011x 450 |
| 001 | | | fae57cc3-da16-4c75-a756-4ff3856b0115 |
| 005 | | | 20160329005141.0 |
| 100 | ## | $a | 20160113l19201920k y0rusy50 ca |
| 101 | 0# | $a | rus |
| 102 | ## | $a | RU |
| 105 | ## | $a | y z |||e| |
| 122 | 2# | $a | d19200205 |
| | $a | d19201231 |
| 200 | 1# | $a | Переписка с Всероссийской Чрезвычайной Комиссией по заявлениям Вас. Немировича-Данченко, Вячеслава Иванова и других о разрешении выезда за границу |
| | $j | 5 февраля - 31 декабря 1920 |
| 215 | ## | $a | 62 листа |
| 251 | ## | $c | Дело |
| 300 | ## | $a | В деле имеются телеграммы |
| 300 | ## | $a | Рукописный и машинописный текст |
| 324 | ## | $a | В деле имеются копии отдельных документов |
| 330 | ## | $a | Входит в раздел описи: II. Канцелярия. А. Переписка с Наркоматами и другими учреждениями. 2. В. Ч.К. |
| 461 | #0 | $1 | 001ad6baeac-e292-4829-90d1-2f4f65796a62 |
| | $1 | 2001 |
| | $a | СОВЕТ НАРОДНЫХ КОМИССАРОВ РСФСР (СНК РСФСР) |
| | $1 | 251 |
| | $c | Фонд |
| | $1 | 852 |
| | $j | 130 |
| | $g | Р |
| 462 | #0 | $1 | 0017393eac8-aea5-4181-b014-0a5beab45138 |
| | $1 | 2001 |
| | $a | 1920 г. |
| | $v | Д. 254 |
| | $1 | 251 |
| | $c | Опись |
| | $1 | 852 |
| | $j | 4 |
| 600 | #1 | $a | Немирович-Данченко |
| | $b | Вас. |
| 600 | #1 | $a | Иванов |
| | $b | В. |
| | $g | Вячеслав |
| 601 | 01 | $3 | RU\NLR\AUTH\661074810 |
| | $a | РСФСР |
| | $b | Совет Народных Комиссаров |
| 601 | 02 | $3 | RU\NLR\AUTH\889942801 |
| | $a | Всероссийская чрезвычайная комиссия по борьбе с контрреволюцией и саботажем |
| 801 | #0 | $a | RU |
| | $b | GA_RF |
| 801 | #1 | $a | RU |
| | $b | НПО Опыт |
| | $c | 20160113 |
| | $2 | rusmarc |
| 801 | #2 | $a | RU |
| | $b | ПБ им. Б.Н. Ельцина |
| | $c | 20160329 |
| | $g | RCR |
| | $2 | rusmarc |
| 852 | ## | $a | ГА РФ |
| | $j | 254 |
| 937 | ## | $d | 69404292 |
| | $h | ПБ |
| 035 | ## | $a | RuPRLIB51036020 |